LIBRARY & INFORMATION CENTRE, KCAET, TAVANUR

ONLINE PUBLIC ACCESS CATALOGUE (OPAC)

Composition exercises in elementary English / (Record no. 960)

MARC details
000 -LEADER
fixed length control field 00652cam a2200265ua 4500
041 ## - LANGUAGE CODE
Language code of text/sound track or separate title eng
082 ## - DEWEY DECIMAL CLASSIFICATION NUMBER
Classification number 425
Item number HOR/CO
100 ## - MAIN ENTRY--AUTHOR NAME
Personal name Hornby, A S .
245 ## - TITLE STATEMENT
Title Composition exercises in elementary English /
260 ## - PUBLICATION, DISTRIBUTION, ETC. (IMPRINT)
Place of publication London :
Name of publisher MacMillan and Company Limited ,
Year of publication 1966.
300 ## - PHYSICAL DESCRIPTION
Number of Pages 184 ; .
942 ## - ADDED ENTRY ELEMENTS (KOHA)
Koha item type Books
Holdings
Withdrawn status Lost status Damaged status Home library Current library Date acquired Full call number Accession Number Koha item type
      KAUAET KAUAET 07/04/2012 425 12131 Books
      KAUAET KAUAET 07/04/2012 425 12127 Books
      KAUAET KAUAET 07/04/2012 425 12123 Books
      KAUAET KAUAET 07/04/2012 425 12129 Books
      KAUAET KAUAET 07/04/2012 425 12134 Books
      KAUAET KAUAET 07/04/2012 425 12124 Books
Withdrawn     KAUAET Sanskrit University 07/04/2012 425 12133 Books
Withdrawn     KAUAET Sanskrit University 07/04/2012 425 12128 Books
Withdrawn     KAUAET Sanskrit University 07/04/2012 425 12125 Books
Withdrawn     KAUAET Sanskrit University 07/04/2012 425 12130 Books
Withdrawn     KAUAET Sanskrit University 07/04/2012 425 12126 Books
free website counter